000 00659nam a22002055i 4500
001 68544
003 ES-MaACL
005 20230906170314.0
007 t|
008 960808s1890 it b ||||1| ita d
040 _aCAM
_bspa
_cCAM
100 1 _aGarollo, G.
_955625
245 1 0 _aAtlante geográfico storico dell'Italia
_b: in 24 tavole dell'Instituto Cartografico Italiano ... /
_cper ... G. Garollo.
260 _aMilano :
_bUlrico Hoepli,
_c1890 (
_fBernardoni di C. Rebeschini e C.)
300 _a67 p., 24 h. de map. ;
_c16 cm.
490 1 _aManuali Hoepli
830 0 _aManuali Hoepli
_9180782
852 _aES-MaACL
_jD-3588
999 _c68544
_d68544